zpět

Detail výsledku týmu

Hotel Sport, Kralupy nad Vltavou

Datum a čas kvízu

26 Celkem bodů Celkový počet nahraných bodů na tomto kvízu bez doplňovacích otázek.
5. Pořadí na kvízu Konečné umístění týmu na tomto kvízu.

Zaznamenané odpovědi

# Otázka Odpověď Body Výsledky
1. Minulý týden vydalo české vývo... Kingdom Come (Deliverance II) 1
2. 54letá učitelka Gill Punt z br... A) za ledního medvěda 0
3. Britská kapela, která byla zal... Black Sabbath 1
4. Vláda jednoho jihoevropského s... o Chorvatsku 1
5. Tento osmnáctiletý český rychl... Metoděj Jílek 1
6. Kterým podstatným jménem se oz... bakteriofágy/fágy 0
7. Který zvířecí přívlastek získa... prasečí 0
8. Přiřaďte viry k onemocněním, k... 1C 2A 3D 4B 1
9. Viry mají svou genetickou info... U (uracil) 0
10. V oblíbené ptačí rezervaci z n... Pandemie 0